Evangelizálás és életmentés születésnapi beszélgetés dr. Hurton József suldeni plébánossal

Podrobná bibliografia
Hlavní autori: Jakubecz, Márta, 1962- (ain), Hurton, József 1928- (Autor, uin)
Médium: Článok
Jazyk:maďarčina
PhysicalDescription:Fotogr.
Predmet:

MARC

LEADER 00000nab a2200000 a 4500
001 vtls000663064
003 SK-MaSNL
005 20260319075713.0
008 160405c1998 xo 0 hun
015 |a SNBRA1998/05-14387 
035 |a CLN000015251 
040 |a SNKBUCL  |b slo  |c SNKBUCL  |e AACR2 
041 0 |a hun 
044 |a xo  |c SK 
080 |a 2-051:282  |2 1997 
080 |a 282  |2 1997 
100 1 |a Jakubecz, Márta,  |d 1962-  |4 ain  |9 306255 
245 1 0 |a Evangelizálás és életmentés  |b születésnapi beszélgetés dr. Hurton József suldeni plébánossal  |c [beszélgetett] Jakubecz Márta 
300 |b Fotogr. 
600 1 7 |a Hurton, József  |d 1928-  |2 snkbucl  |9 693985 
655 7 |a články z novín a časopisov  |2 snkbucl  |9 267496 
700 1 |a Hurton, József  |d 1928-  |4 aut  |4 uin  |9 693985 
773 0 |t Remény  |g Roč. 9, č. 16 (1998), s. 5 
850 |a Slovenská národná knižnica v Martine 
852 |a SNK  |b KIS3GCP 
958 |a HU 
958 |a IT 
958 |a SK 
958 |a RBX 
999 |c 1419821  |d 1421751